000 00483cam a22002051 4500
001 sa 64004486
003 DLC
005 20260227112025.0
008 881028s1963 xx 000 0 hino
010 _asa 64004486
035 _a(OCoLC)23538085
040 _aDLC
_cMiU
_dDLC
042 _apremarc
050 0 0 _aPK1718.B3953
_bJ5
100 1 _aBhattacharya, Surendra Mohan.
245 1 0 _aJhaṛo phula.
260 _c1963.
300 _a234 p.
_c20 cm.
500 _aRomanized.
999 _c58535
_d58535